zpět

Detail výsledku týmu

Hospoda U Stolínů, Nový Bydžov

Datum a čas kvízu

21 Celkem bodů Celkový počet nahraných bodů na tomto kvízu bez doplňovacích otázek.
11. Pořadí na kvízu Konečné umístění týmu na tomto kvízu.

Zaznamenané odpovědi

# Otázka Odpověď Body Výsledky
1. Minulý týden policie informova... škvor 0
2. Ve které zemi byl minulý týden... v Číně 0
3. Jedna televizní stanice ukonči... MTV 0
4. Kořist v hodnotě přibližně 30... v Německu 0
5. Co se zoufale snažil najít na... vylomený zub 1
6. Mezi nejúspěšnější sourozence... 2008; 2012 0
7. Sourozenci Taschlerovi nás rep... Natálie; Filip 0
8. Opomenout v tomto tématu nesmí... 7,5 km; 6 km 0.5
9. Nyní bude vaším úkolem uhodnou... v plavání 0
10. Na závěr se podíváme na bratrs... B) Maďarsko 1